000 00516nam a2200193Ia 4500
005 20250423095311.0
008 250422s9999 xx 000 0 und d
020 _a9781292025445
050 _aQA 76.9 .M65 .Q56/
100 _aQuinn, Mike
245 0 _aEthics for the information age
250 _a5th ed.
260 _aUnited States
260 _bPearson
260 _c2014
300 _a439 p
650 _aElectronic data processing--Moral and ethical aspects. Computers and civilization.
942 _cBK
999 _c29852
_d29852